Normal view
MARC view
Entry Personal Name
001 - CONTROL NUMBER
- control field: 34030
003 - CONTROL NUMBER IDENTIFIER
- control field: OSt
005 - DATE AND TIME OF LATEST TRANSACTION
- control field: 20221205153102.0
008 - FIXED-LENGTH DATA ELEMENTS
- fixed length control field: 221205|| aca||aabn | a|a d
040 ## - CATALOGING SOURCE
- Original cataloging agency: OSt
- Transcribing agency: OSt
100 ## - HEADING--PERSONAL NAME
- Personal name: Nair, Gayatri and Hofman, Nila Ginger
670 ## - SOURCE DATA FOUND
- Source citation: Work cat.: (OSt)520413: Nair, Gayatri and Hofman, Nila Ginger, Middle-class women and domestic work in India and the united states: Caste, race and patriarchy
